The last samurai (Record no. 18069)
[ view plain ]
| 000 -LEADER | |
|---|---|
| fixed length control field | 01779cgm a22004217a 4500 |
| 007 - PHYSICAL DESCRIPTION FIXED FIELD--GENERAL INFORMATION | |
| fixed length control field | vd cgaizm |
| 008 - FIXED-LENGTH DATA ELEMENTS--GENERAL INFORMATION | |
| fixed length control field | 140216t2003 xxu148 e |||| 0| vleng d |
| 020 ## - INTERNATIONAL STANDARD BOOK NUMBER | |
| International Standard Book Number | 7321900680578 |
| 041 1# - LANGUAGE CODE | |
| Language code of text/sound track or separate title | eng |
| -- | ger |
| 043 ## - GEOGRAPHIC AREA CODE | |
| Geographic area code | a-ja--- |
| 082 04 - DEWEY DECIMAL CLASSIFICATION NUMBER | |
| Edition number | 22 |
| Classification number | 791.4372 |
| Item number | LAS |
| 245 04 - TITLE STATEMENT | |
| Title | The last samurai |
| Medium | [videorecording] / |
| Statement of responsibility, etc | Warner Bros. Pictures presents, a Radar Pictures, Bedford Falls Company, Cruise-Wagner production ; produced by Marshall Herskovitz ... [et al.] ; story by John Logan ; directed by Edward Zwick. |
| 250 ## - EDITION STATEMENT | |
| Edition statement | 16.9 Widescreen. |
| 260 ## - PUBLICATION, DISTRIBUTION, ETC. (IMPRINT) | |
| Place of publication, distribution, etc | [California, United States] : |
| Name of publisher, distributor, etc | Warner Bros, |
| Date of publication, distribution, etc | c.2003. |
| 300 ## - PHYSICAL DESCRIPTION | |
| Extent | 1 videodisc (148 min.) : |
| Other physical details | sd., col. ; |
| Dimensions | 4 3/4 in. |
| 508 ## - CREATION/PRODUCTION CREDITS NOTE | |
| Creation/production credits note | Director of photography John Toll ; editors Steven Rosenblum, Victor DuBois ; original music Hans Zimmer.<br/> |
| 511 ## - PARTICIPANT OR PERFORMER NOTE | |
| Participant or performer note | Tom Cruise, Timothy Spall, Ken Watanabe. |
| 521 ## - TARGET AUDIENCE NOTE | |
| Target audience note | Suitable only for persons of 12 years and over. |
| 546 ## - LANGUAGE NOTE | |
| Language note | In German and English Language. |
| 650 #0 - SUBJECT ADDED ENTRY--TOPICAL TERM | |
| 9 (RLIN) | 35243 |
| Topical term or geographic name as entry element | Samurai |
| Geographic subdivision | Japan |
| Form subdivision | Drama |
| 650 #0 - SUBJECT ADDED ENTRY--TOPICAL TERM | |
| 9 (RLIN) | 35244 |
| Topical term or geographic name as entry element | Soldiers |
| General subdivision | Conduct of life |
| Form subdivision | Drama |
| 653 ## - INDEX TERM--UNCONTROLLED | |
| -- | GGEN |
| -- | February2014 |
| 700 1# - ADDED ENTRY--PERSONAL NAME | |
| 9 (RLIN) | 35245 |
| Personal name | Watanabe, Ken, |
| Dates associated with a name | 1959- |
| 700 1# - ADDED ENTRY--PERSONAL NAME | |
| 9 (RLIN) | 35246 |
| Personal name | Spall, Timothy, |
| Dates associated with a name | 1957- |
| 700 1# - ADDED ENTRY--PERSONAL NAME | |
| 9 (RLIN) | 35247 |
| Personal name | Cruise, Tom, |
| Dates associated with a name | 1962- |
| 700 1# - ADDED ENTRY--PERSONAL NAME | |
| 9 (RLIN) | 35248 |
| Personal name | Zimmer, Hans, |
| Dates associated with a name | 1957- |
| 700 1# - ADDED ENTRY--PERSONAL NAME | |
| 9 (RLIN) | 35249 |
| Personal name | Du Bois, Victor |
| Titles and other words associated with a name | (Film editor) |
| 700 1# - ADDED ENTRY--PERSONAL NAME | |
| 9 (RLIN) | 35250 |
| Personal name | Rosenblum, Steven |
| 700 1# - ADDED ENTRY--PERSONAL NAME | |
| 9 (RLIN) | 35251 |
| Personal name | Toll, John |
| Titles and other words associated with a name | (Cinematographer) |
| 700 1# - ADDED ENTRY--PERSONAL NAME | |
| 9 (RLIN) | 35252 |
| Personal name | Zwick, Edward |
| 700 1# - ADDED ENTRY--PERSONAL NAME | |
| 9 (RLIN) | 35253 |
| Personal name | Logan, John, |
| Dates associated with a name | 1961- |
| 700 1# - ADDED ENTRY--PERSONAL NAME | |
| 9 (RLIN) | 35254 |
| Personal name | Herskovitz, Marshall |
| 710 2# - ADDED ENTRY--CORPORATE NAME | |
| 9 (RLIN) | 35225 |
| Corporate name or jurisdiction name as entry element | Warner Bros. Pictures (1923-1967) |
| 710 2# - ADDED ENTRY--CORPORATE NAME | |
| 9 (RLIN) | 35256 |
| Corporate name or jurisdiction name as entry element | Radar Pictures |
| 710 2# - ADDED ENTRY--CORPORATE NAME | |
| 9 (RLIN) | 35257 |
| Corporate name or jurisdiction name as entry element | Bedford Falls Company |
| 710 2# - ADDED ENTRY--CORPORATE NAME | |
| 9 (RLIN) | 35258 |
| Corporate name or jurisdiction name as entry element | Cruise/Wagner Productions (Firm) |
| 942 ## - ADDED ENTRY ELEMENTS (KOHA) | |
| Source of classification or shelving scheme | Dewey Decimal Classification |
| Item type | |
| Call number prefix | 791.4372 LAS |
| Withdrawn status | Lost status | Source of classification or shelving scheme | Damaged status | Not for loan | Koha collection | Home library | Current library | Shelving location | Date acquired | Source of acquisition | Total Checkouts | Full call number | Barcode | Date last seen | Koha item type |
|---|---|---|---|---|---|---|---|---|---|---|---|---|---|---|---|
| Dewey Decimal Classification | Baccah | Central Library | Central Library | Second Floor | 16/02/2014 | Purchase | 791.4372 LAS | 000035618 | 24/08/2022 | CD | DVD - Movie (NB) |